Coordinate Geometry for JEE (Advanced)/ (Record no. 184353)

MARC details
000 -LEADER
fixed length control field 00589nam a22001937a 4500
005 - DATE AND TIME OF LATEST TRANSACTION
control field 20220311171911.0
010 ## - LCCN (DPL NO)
LC control number ENG-131232
020 ## - INTERNATIONAL STANDARD BOOK NUMBER
International Standard Book Number 978-93-90555-81-9
Terms of availability 769.00
035 ## - SYSTEM CONTROL NUMBER
System control number EN-114764
037 ## - SOURCE OF ACQUISITION
Source of stock number/acquisition DBAD
082 ## - DEWEY DECIMAL CLASSIFICATION NUMBER
Classification number 516.16
100 ## - MAIN ENTRY--PERSONAL NAME
Personal name Tewani, G.
245 ## - TITLE STATEMENT
Title Coordinate Geometry for JEE (Advanced)/
Statement of responsibility, etc G. Tewani
250 ## - EDITION STATEMENT
Edition statement 3rd Edition
260 ## - PUBLICATION, DISTRIBUTION, ETC. (IMPRINT)
Place of publication, distribution, etc Delhi
Name of publisher, distributor, etc Cengage Learning India Pvt. Ltd
Date of publication, distribution, etc 2021
270 ## - ADDRESS
City Delhi
Address T-303, 3rd Floor, DAV Complex, Plot 3 Mayur Vihar, Phase 1
Postal code 110091
300 ## - PHYSICAL DESCRIPTION
Extent 556p.
Dimensions 28cm(pbk)
942 ## - ADDED ENTRY ELEMENTS (KOHA)
Source of classification or shelving scheme Dewey Decimal Classification
Item type English Books
Classification part 516.16
Call number suffix TEW
Holdings
Withdrawn status Lost status Not for loan Collection code Home library Current library Date acquired Source of acquisition Cost, normal purchase price Full call number Barcode Copy number Cost, replacement price Koha item type
      Non-fiction Bawana Bawana 19/01/2022 DBAD/PUB 769.00 516.16 TEW EN-114764 1 769.00 English Books

© Delhi Public Library
Hit Counter
free hit counter